| 000 | 00755nam a2200205Ia 4500 | ||
|---|---|---|---|
| 003 | GCL | ||
| 008 | 140319s9999 xx 000 0 ara d | ||
| 040 |
_aGCL / _cGCL |
||
| 082 | 0 | 4 |
_a649.1 _bو ب |
| 100 | 1 | _aوزارةالشئون الاجتماعية | |
| 245 | 1 | 0 |
_aبحوث وتوصيات ندوة الرعاية المتكاملة للطفل من21 - 23 فبراير 1976 / _cوزارةالشئون الاجتماعية |
| 300 | _a397 ص | ||
| 490 |
_aالهيئة العامة للاستعلامات _v0 |
||
| 650 | 0 | 4 | _aالاطفال |
| 650 | 0 | 4 | _aالامهات والابناء |
| 650 | 0 | 4 | _aالاطفال - رعاية |
| 650 | 0 | 4 | _aالامومه- رعايه |
| 650 | 0 | 4 | _aالاطفال، العناية الصحية |
| 942 |
_2ddc _cBK |
||
| 999 |
_c50552 _d50552 |
||